000 00458nam a22001817a 4500
003 OSt
005 20250717155653.0
008 250717b |||||||| |||| 00| 0 eng d
020 _a9780670086122
082 _a920.72
_bRAIN
100 _aRaghavan, Srinath
245 _aIndira Gandhi: And The Years that transformed india
260 _aGurugram
_bPenguin Random House
300 _a366p.
546 _aEnglish
651 _aBiography
942 _2ddc
_cBK
999 _c3827
_d3827